Quizzes
Events
Quiz Creation
Community
Videos
Private Events
Remove Ads
Sign In
Join for FREE
Feedback
Dark Mode
Quiz Categories
Sports
Geography
Music
Movies
Television
Just For Fun
Miscellaneous
History
Literature
Language
Science
Gaming
Entertainment
Religion
Holiday
For Kids
Quiz Lab
Recent
Popular Today
Quiz Kudos Today
Editor Picks
Curator Picks
Quizzes by...
Day
Popularity
Type
Ratings
Length
Year
Community
Subscriptions
Recent Discussions
Orange Saloon
Badges
Playlists
Quests
Create
Leaderboards
Showdown
Live 5
Trivia Bingo
Activity
Puzzle Library
Sporcle Events
Private Events
Virtual Trivia
Globe League
Become a Host
Pub Owners
SporcleCon
Opinionation
Our Games
Videos
Blog
Mobile Apps
Partnerships
Remove Ads and Go Orange
Feedback
Music
Pop Music
The Beatles
Song
Album
Lyrics
Bands
Singers
Artist
Clip
Rock
Rap
Classical
Billboard
Country Music
Kpop
Taylor Swift
Music
Pop Music
The Beatles
Song
Album
Lyrics
Bands
Singers
Artist
Clip
Rock
Rap
Classical
Billboard
Country Music
Kpop
Taylor Swift
Random Quiz
Search Sporcle
×
Quiz Lab
Quiz Lab
Music
Album
Type in answers that appear in a list
Type in answers that appear in a list
Classic
Best Score? Go Orange.
U2 Lovetown Tour Songs Stats
Can you name all songs (snippets not counted) played on U2's Lovetown Tour (1989-1990)?
By
CMIPalaeo
9m
38 Questions
78 Plays
78 Plays
78 Plays
Comments
Comments
Give Quiz Kudos
Give Quiz Kudos
-
- Ratings
hide this ad
More Info
Replay
Link that replays current quiz
Next Quiz
Link to next quiz in quiz playlist
You Got
0%
They Got
Avg Score
75%
Avg Friend Score
Upgrade to see
Score Distribution
Jump to the score distribution portion of the page
Score
0/38
Timer
09:00
0
Plays Today
# Times Played
Song Title
% Correct
47
Pride (In the Name of Love)
100%
47
I Still Haven't Found What I'm Looking For
98.7%
46
Where the Streets Have No Name
98.7%
46
Desire
97.4%
43
New Year's Day
96.2%
36
With or Without You
96.2%
16
The Unforgettable Fire
93.6%
46
Angel of Harlem
92.3%
11
October
92.3%
46
When Love Comes To Town
91%
44
I Will Follow
91%
42
All I Want Is You
91%
35
Bad
91%
19
One Tree Hill
91%
42
Bullet the Blue Sky
88.5%
33
''40''
85.9%
36
MLK
84.6%
31
Running To Stand Still
84.6%
17
Gloria
84.6%
# Times Played
Song Title
% Correct
4
In God's Country
82.1%
1
Exit
80.8%
46
Love Rescue Me
76.9%
47
All Along the Watchtower
75.6%
36
God Part II
75.6%
31
Van Diemen's Land
74.4%
3
Out of Control
74.4%
4
Stand By Me
71.8%
1
Two Hearts Beat As One
71.8%
8
Hawkmoon 269
64.1%
3
Trash, Trampoline and the Party Girl
62.8%
6
Help!
56.4%
2
11 O'Clock Tick Tock
51.3%
3
Knockin' On Heaven's Door
44.9%
2
She's a Mystery To Me
44.9%
1
White Christmas
42.3%
22
People Get Ready
39.7%
2
Slow Dancing
26.9%
1
The Times They Are A-Changin'
16.7%
Quiz Playlist
Details
Report
Send in Message
Add To Playlist
More Info:
Covers recorded by U2 are listed as covers, rather than as part of U2 releases.
Classic:
Type in answers that appear in a list
Quiz Source
Last Updated: Feb 16, 2017
Quiz Scoreboard
CHALLENGE
Sign Up to Join the Scoreboard
Show All
Scores
Hide
Comments
May contain spoilers
Recently Published
An Introduction to Baseball
by treessimontrees
Sports
5m
Movies - When Are They Set?
by FPL_Elf
Movies
5m
Popular People in 1961
by mucciniale
History
6m
More to Explore
Quiz From the Vault
Featured Blog Post
Where Did the Easter Bunny Come From?
hide this ad
You Might Also Like...
Tags
Album Quiz
Song Quiz
1990s
snippet
tour
Today's Top Quizzes in Music
Browse Music
hide this ad
Today's Top Quizzes in Album
Browse Album
Top Contributed Quizzes in Music
1
Taylor Swift All Songs (2024)
2
Guess the Artist- 70s Songs
3
KPOP LOGIC QUIZ
4
One Thing in Common: Music
5
2010s Album by Cover III
6
Guess the Taylor Swift song (Mystery Song)
7
Taylor Swift Logic Puzzle
8
2010s Album by Cover IV
9
2010s Album by Cover V
10
Kpop Logic Quiz
Explore More
Trending Topics
Harry Potter
Marvel
Anime
Kpop
Crossword
Disney
NBA
Puzzle
WWE
Pokémon
Song
The Office
NFL
Soccer
Country
hide this ad
More By:
CMIPalaeo
Quiz
Plays
Rating
Category
Featured
Created
Small Carnivorans Slideshow
13,366
4.44
Science
Feb 9, 2017
One-Second Beatles
4,656
4.55
Music
Jul 8, 2015
Doctor Who or The Twilight Zone?
2,721
4.50
Television
Jan 18, 2016
Steven Universe Gem Fusions
2,675
4.88
Television
Jul 18, 2015
Geologic Time Multiple Choice
2,675
3.33
Science
Sep 7, 2016
Go to Creator's Profile
Score Distribution
Quiz Creator Spotlight
CMIPalaeo
Follow
Send a Message
Quizzes Created
-
Created Quiz Play Count
-
More By This Creator
Popular Quizzes Today
1
Find the Countries of Europe - No Outlines Minefield
2
Find the US States - No Outlines Minefield
3
The Countries of the World
4
Popular People in 1961
5
US States
6
Find the US States
7
1-10 Letter E Words III
8
Risky Map Clicking: Biggest States A-Z
More Music Quizzes
Slices of Pie: Classic Albums
Curator's Pick
Trending Quizzes
Risky Map Clicking: Least Populous States A-Z
1-10 Letter F Words
1-10 Letter G Words
One Thing in Common: United Kingdom
Not Quite an Element Typing Challenge
Recently Updated
Leaping Animals
pecheneg
Reality TV Shows (A-Z)
bhenderson79
Rickey Henderson's Hall of Fame Teammates
pecheneg
Champions League XIs: Arsenal
pecheneg
Quick Pick: Celebrities in WWE's Hall of Fame
aduchscher
A-Z Keypad Blitz II
pecheneg
Multiple Oscar Actors
pecheneg
Mystery Phrase Blitz: Oscar 'Best Actors'
pecheneg
F. Scott Fitzgerald Novels
LTH
Pick 3 Villains
ddd62291
Trending Topics
Anime
Kpop
Disney
Harry Potter
Crossword
NBA
Marvel
WWE
Pokémon
Soccer
The Office
NFL
Song
Country
Puzzle
Your Account Isn't Verified!
In order to create a playlist on Sporcle, you need to verify the email address you used during registration. Go to your
Sporcle Settings
to finish the process.
Report this User
Report this user for behavior that violates our
Community Guidelines
.
Details:
Send Report
Go to the Sporcle.com Mobile Site →
Comments